[Event "Gerunda op 3rd"]
[Site "Gerunda"]
[Date "2018.04.06"]
[Round "1"]
[White "Heredia Lloveras, David"]
[Black "Bonell Mitjans, Antonio"]
[Result "1/2-1/2"]
[WhiteElo "1599"]
[BlackElo "2053"]
[PlyCount "38"]
[EventDate "2018.04.06"]
[EventType "swiss"]
[EventRounds "9"]
[EventCountry "ESP"]
[SourceTitle "CBM 184 Extra"]
[Source "ChessBase"]
[SourceDate "2018.06.28"]
[SourceVersion "1"]
[SourceVersionDate "2018.06.28"]
[SourceQuality "1"]

1. d4 e6 2. Bf4 d5 3. e3 Bd6 4. Bg3 Nf6 5. Nf3 c5 6. Bb5+ Nc6 7. c3 0-0 8. Nbd2 a6 9. Bd3 Qe7 10. Ne5 Nd7 11. Nxd7 Bxd7 12. Bxd6 Qxd6 13. dxc5 Qxc5 14. Bxh7+ Kxh7 15. Qh5+ Kg8 16. Ne4 g6 17. Nxc5 gxh5 18. Nxd7 Rfd8 19. Nf6+ Kf8 1/2-1/2

[Event "Girona-ch Seniors"]
[Site "Girona"]
[Date "2018.02.06"]
[Round "1.2"]
[White "Bonell Mitjans, Antonio"]
[Black "Garcia Calleja, Rafael"]
[Result "1-0"]
[WhiteElo "2083"]
[BlackElo "1595"]
[PlyCount "51"]
[EventDate "2018.02.06"]
[EventType "swiss"]
[EventRounds "6"]
[EventCountry "ESP"]
[SourceTitle "EXT 2024"]
[Source "ChessBase"]
[SourceDate "2023.10.10"]
[SourceVersion "1"]
[SourceVersionDate "2023.10.10"]
[SourceQuality "1"]

1. e4 b6 2. d4 Bb7 3. Bd3 e6 4. Nf3 Nc6 5. Nc3 Bb4 6. 0-0 h6 7. Qe2 Bxc3 8. bxc3 Nce7 9. c4 d6 10. Rd1 Qc8 11. Bb2 Ng6 12. g3 Nf6 13. e5 dxe5 14. Bxg6 e4 15. Bxf7+ Kxf7 16. Ne5+ Ke8 17. Ng6 Rg8 18. d5 exd5 19. Bxf6 gxf6 20. Qh5 Kf7 21. Nh8+ Ke7 22. Qf7+ Kd6 23. Rxd5+ Bxd5 24. Qxd5+ Ke7 25. Qf7+ Kd6 26. Rd1+ 1-0

[Event "Girona-ch Seniors"]
[Site "Girona"]
[Date "2017.02.21"]
[Round "3.1"]
[White "Estevez Montilla, Francesco"]
[Black "Bonell Mitjans, Antonio"]
[Result "0-1"]
[WhiteElo "1700"]
[BlackElo "2087"]
[PlyCount "77"]
[EventDate "2017.02.07"]
[EventType "swiss"]
[EventRounds "6"]
[EventCountry "ESP"]
[SourceTitle "EXT 2024"]
[Source "ChessBase"]
[SourceDate "2023.10.10"]
[SourceVersion "1"]
[SourceVersionDate "2023.10.10"]
[SourceQuality "1"]

1. e4 e6 2. d4 d5 3. Nc3 dxe4 4. Nxe4 Nd7 5. Nf3 Ngf6 6. Bd3 b6 7. Bg5 Bb7 8. Qe2 Be7 9. 0-0-0 Nd5 10. Bxe7 Qxe7 11. Qd2 Nb4 12. Kb1 Nxd3 13. Qxd3 Rd8 14. Rhe1 h6 15. Qe3 Nf6 16. Nxf6+ Qxf6 17. Qe5 Bxf3 18. Qxf6 gxf6 19. gxf3 Rg8 20. Rd2 Rg2 21. Rh1 c5 22. c3 cxd4 23. cxd4 Rd5 24. Kc2 Rf5 25. Kd1 Rxf3 26. Ke1 Rh3 27. Kf1 Rgxh2 28. Rxh2 Rxh2 29. Kg1 Rh5 30. Kg2 Kd7 31. Kf3 Kd6 32. Rc2 Rh4 33. Ke3 Kd5 34. Rc7 Re4+ 35. Kf3 Rxd4 36. Rxa7 e5 37. Ra3 Rb4 38. Rd3+ Kc5 39. Ke3 0-1

[Event "Girona-ch Seniors"]
[Site "Girona"]
[Date "2017.02.07"]
[Round "1.2"]
[White "Blasco Vidal, Joan"]
[Black "Bonell Mitjans, Antonio"]
[Result "0-1"]
[WhiteElo "1648"]
[BlackElo "2087"]
[PlyCount "66"]
[EventDate "2017.02.07"]
[EventType "swiss"]
[EventRounds "6"]
[EventCountry "ESP"]
[SourceTitle "EXT 2024"]
[Source "ChessBase"]
[SourceDate "2023.10.10"]
[SourceVersion "1"]
[SourceVersionDate "2023.10.10"]
[SourceQuality "1"]

1. e4 e6 2. d4 d5 3. exd5 exd5 4. Bd3 Bd6 5. h3 Nf6 6. Nf3 0-0 7. 0-0 h6 8. Re1 Be6 9. Nbd2 Nbd7 10. Nb3 a5 11. a4 b6 12. c3 c5 13. Bc2 Qc7 14. Nbd2 Rac8 15. Nf1 Rfe8 16. Be3 Ne4 17. Bxe4 dxe4 18. d5 Bf5 19. Nh4 Bh7 20. g4 Ne5 21. Kg2 g5 22. Nf5 Bxf5 23. gxf5 Nf3 24. Re2 Qd7 25. Ng3 Bxg3 26. fxg3 Qxf5 27. c4 Rcd8 28. Rf2 Rd6 29. Bd2 h5 30. Bc3 h4 31. g4 Qf4 32. Rxf3 exf3+ 33. Qxf3 Qxc4 0-1

[Event "Catalunya-ch Seniors 31st"]
[Site "Santa Susanna"]
[Date "2015.05.27"]
[Round "5"]
[White "Vallbona Domingo, Joan"]
[Black "Bonell Mitjans, Antonio"]
[Result "0-1"]
[WhiteElo "2118"]
[BlackElo "2231"]
[PlyCount "110"]
[EventDate "2015.05.23"]
[EventType "swiss"]
[EventRounds "9"]
[EventCountry "CAT"]
[SourceTitle "CBM 166 Extra"]
[Source "ChessBase"]
[SourceDate "2015.06.18"]
[SourceVersion "1"]
[SourceVersionDate "2015.06.18"]
[SourceQuality "1"]

1. Nf3 d6 2. c4 g6 3. d4 Bg7 4. g3 f5 5. Nc3 Nf6 6. Bg2 0-0 7. 0-0 c6 8. d5 c5 9. Ne1 Nbd7 10. Rb1 Rb8 11. Nd3 a6 12. a4 Ne5 13. b3 Qc7 14. Bb2 Bd7 15. Qd2 Nxd3 16. exd3 e5 17. dxe6 Bxe6 18. Rfe1 Bf7 19. Nd5 Bxd5 20. cxd5 Rbe8 21. Rxe8 Rxe8 22. Re1 Qf7 23. Rxe8+ Nxe8 24. h3 Nc7 25. Bxg7 Kxg7 26. d4 cxd4 27. Qxd4+ Qf6 28. Qb6 Qe7 29. Qxb7 f4 30. Qb4 fxg3 31. Qd4+ Qf6 32. Qxf6+ Kxf6 33. fxg3 a5 34. Kf2 Ke5 35. Ke3 Nxd5+ 36. Kd3 g5 37. Bf3 Nb6 38. Bc6 d5 39. Bb7 Nd7 40. Kc3 Nc5 41. Bc8 Ne4+ 42. Kd3 Nc5+ 43. Kc3 h5 44. h4 g4 45. Kc2 d4 46. Kc1 Ke4 47. b4 axb4 48. a5 Kf3 49. a6 Nxa6 50. Bxa6 Kxg3 51. Kd1 b3 52. Bd3 Kf3 53. Bg6 b2 54. Kd2 g3 55. Bxh5+ Kf2 0-1

[Event "Catalunya-ch Seniors 30th"]
[Site "Barcelona"]
[Date "2014.05.22"]
[Round "6"]
[White "Lazaro Porta, Angel"]
[Black "Bonell Mitjans, Antonio"]
[Result "0-1"]
[WhiteElo "2044"]
[BlackElo "2216"]
[PlyCount "78"]
[EventDate "2014.05.17"]
[EventType "swiss"]
[EventRounds "9"]
[EventCountry "ESP"]
[SourceTitle "CBM 160 Extra"]
[Source "ChessBase"]
[SourceDate "2014.07.01"]
[SourceVersion "1"]
[SourceVersionDate "2014.07.01"]
[SourceQuality "1"]

1. c4 e6 2. Nc3 d5 3. Nf3 c6 4. e3 f5 5. b3 Nf6 6. Bb2 Bd6 7. g3 0-0 8. Bg2 Nbd7 9. 0-0 Qe7 10. Ne2 b6 11. Nfd4 Bb7 12. cxd5 cxd5 13. Nb5 Ba6 14. Nxd6 Qxd6 15. Re1 e5 16. a4 Rfc8 17. Ba3 Qe6 18. d4 e4 19. Qd2 g5 20. Rac1 Bd3 21. Rxc8+ Rxc8 22. Rc1 Nb8 23. Nc3 a6 24. Nd1 Rxc1 25. Qxc1 Qc6 26. Qxc6 Nxc6 27. Nb2 Na5 28. Nxd3 exd3 29. Be7 Ne4 30. b4 Nc6 31. Bxg5 Nxb4 32. Be7 Na2 33. Kf1 Nac3 34. Bb4 Nxa4 35. Ke1 a5 36. Bxe4 fxe4 37. Ba3 b5 38. Bd6 Nb2 39. Bc7 Nc4 0-1

[Event "Girona-ch Seniors"]
[Site "Girona"]
[Date "2014.02.11"]
[Round "1.1"]
[White "Burset Camps, Guillem"]
[Black "Bonell Mitjans, Antonio"]
[Result "0-1"]
[WhiteElo "1841"]
[BlackElo "2216"]
[PlyCount "21"]
[EventDate "2014.02.11"]
[EventType "swiss"]
[EventRounds "6"]
[EventCountry "ESP"]
[SourceTitle "EXT 2024"]
[Source "ChessBase"]
[SourceDate "2023.10.10"]
[SourceVersion "1"]
[SourceVersionDate "2023.10.10"]
[SourceQuality "1"]

1. d4 d5 2. Nf3 e6 3. c4 c6 4. cxd5 exd5 5. Bg5 Nf6 6. e3 Be7 7. Bd3 Na6 8. a3 h6 9. Bh4 Nc7 10. 0-0 0-0 11. Nbd2 0-1